[Event "Rome op"]
[Site "Rome"]
[Date "2007.11.03"]
[Round "7"]
[White "Lava, Giovanni"]
[Black "Zoldan, Matteo"]
[Result "0-1"]
[WhiteElo "2221"]
[BlackElo "2143"]
[PlyCount "56"]
[EventDate "2007.10.29"]
[EventType "swiss"]
[EventRounds "9"]
[EventCountry "ITA"]
[SourceTitle "EXT 2009"]
[Source "ChessBase"]
[SourceDate "2008.11.26"]
[SourceVersion "1"]
[SourceVersionDate "2008.11.26"]
[SourceQuality "1"]

1. d4 Nf6 2. Nf3 g6 3. c4 Bg7 4. g3 0-0 5. Bg2 d6 6. 0-0 Nbd7 7. Nc3 e5 8. e4 c6 9. h3 Qb6 10. dxe5 dxe5 11. Qc2 Qc7 12. Be3 Re8 13. c5 Nh5 14. Ne2 b6 15. cxb6 axb6 16. b4 Ba6 17. Rfc1 c5 18. Bf1 Rec8 19. bxc5 Nxc5 20. Bxc5 Bf8 21. g4 Bxe2 22. Qxe2 Nf4 23. Qb2 Bxc5 24. Nxe5 Ba3 25. Qd4 Bxc1 26. Bc4 Ne6 27. Qd5 Bb2 28. Nxf7 Qxc4 0-1

[Event "Rome op"]
[Site "Rome"]
[Date "2007.11.01"]
[Round "4"]
[White "Horvath, Csaba"]
[Black "Lava, Giovanni"]
[Result "1-0"]
[WhiteElo "2536"]
[BlackElo "2221"]
[PlyCount "55"]
[EventDate "2007.10.29"]
[EventType "swiss"]
[EventRounds "9"]
[EventCountry "ITA"]
[SourceTitle "EXT 2009"]
[Source "ChessBase"]
[SourceDate "2008.11.26"]
[SourceVersion "1"]
[SourceVersionDate "2008.11.26"]
[SourceQuality "1"]

1. d4 Nf6 2. c4 g6 3. Nc3 d5 4. Nf3 Bg7 5. Qb3 dxc4 6. Qxc4 0-0 7. e4 Na6 8. Be2 c5 9. d5 e6 10. 0-0 exd5 11. exd5 Re8 12. Rd1 Bf5 13. d6 h6 14. Bf4 Qb6 15. Ne5 Be6 16. Qb5 Nb4 17. Na4 Qxb5 18. Bxb5 Nfd5 19. Bxe8 Nxf4 20. d7 Rd8 21. Nxc5 Bxe5 22. Nxb7 Bc7 23. Rac1 Ne2+ 24. Kf1 Nxc1 25. Rxc1 Rb8 26. Rxc7 Na6 27. Bxf7+ Kf8 28. d8Q+ 1-0

[Event "Bratto op 26th"]
[Site "Bratto"]
[Date "2006.08.27"]
[Round "9"]
[White "Andreolini, Mauro"]
[Black "Lava, Giovanni"]
[Result "1-0"]
[WhiteElo "2195"]
[BlackElo "2232"]
[PlyCount "47"]
[EventDate "2006.08.19"]
[EventType "swiss"]
[EventRounds "9"]
[EventCountry "ITA"]
[SourceTitle "CBM 113 Extra"]
[Source "ChessBase"]
[SourceDate "2006.09.14"]
[SourceVersion "1"]
[SourceVersionDate "2006.09.14"]
[SourceQuality "1"]

1. Nf3 Nf6 2. g3 g6 3. b3 Bg7 4. Bb2 0-0 5. Bg2 c5 6. 0-0 Nc6 7. c4 Qc7 8. Nc3 a6 9. d4 cxd4 10. Nxd4 d6 11. h3 Nxd4 12. Qxd4 Be6 13. e4 Rac8 14. Rad1 Qb8 15. Rfe1 b5 16. cxb5 axb5 17. Qb4 Rc5 18. e5 Nd7 19. Nd5 Bxd5 20. Bxd5 Rfc8 21. Bxf7+ Kf8 22. Be6 Nxe5 23. Qf4+ Bf6 24. Rxe5 1-0

[Event "Bratto op 26th"]
[Site "Bratto"]
[Date "2006.08.26"]
[Round "8"]
[White "Lava, Giovanni"]
[Black "Podini, Francesco"]
[Result "1-0"]
[WhiteElo "2232"]
[BlackElo "2069"]
[PlyCount "57"]
[EventDate "2006.08.19"]
[EventType "swiss"]
[EventRounds "9"]
[EventCountry "ITA"]
[SourceTitle "CBM 113 Extra"]
[Source "ChessBase"]
[SourceDate "2006.09.14"]
[SourceVersion "1"]
[SourceVersionDate "2006.09.14"]
[SourceQuality "1"]

1. d4 e6 2. g3 f5 3. Bg2 Nf6 4. c4 c6 5. Nh3 d5 6. 0-0 Bd6 7. Bf4 Bxf4 8. Nxf4 0-0 9. Qc2 Qe7 10. Nd2 b6 11. Nf3 Nbd7 12. cxd5 cxd5 13. Qc6 Ba6 14. Qxe6+ Qxe6 15. Nxe6 Rfc8 16. Rfc1 Bxe2 17. Ne5 Nxe5 18. dxe5 Ne4 19. Nd4 Bd3 20. Nxf5 Kf8 21. f4 Rc5 22. b4 Rc3 23. Bxe4 Rxc1+ 24. Rxc1 dxe4 25. Rc7 a5 26. e6 Bb5 27. Nd6 Ba4 28. e7+ Kg8 29. b5 1-0

[Event "Bratto op 26th"]
[Site "Bratto"]
[Date "2006.08.23"]
[Round "5"]
[White "Paolinelli, Giacomo"]
[Black "Lava, Giovanni"]
[Result "1/2-1/2"]
[WhiteElo "2023"]
[BlackElo "2232"]
[PlyCount "105"]
[EventDate "2006.08.19"]
[EventType "swiss"]
[EventRounds "9"]
[EventCountry "ITA"]
[SourceTitle "CBM 113 Extra"]
[Source "ChessBase"]
[SourceDate "2006.09.14"]
[SourceVersion "1"]
[SourceVersionDate "2006.09.14"]
[SourceQuality "1"]

1. e4 c5 2. Nc3 e6 3. Nge2 Nc6 4. g3 Qc7 5. Bg2 a6 6. a4 Nf6 7. d3 Be7 8. 0-0 Rb8 9. Nf4 b5 10. axb5 axb5 11. Nh5 Nxh5 12. Qxh5 Nd4 13. Qd1 d6 14. f4 b4 15. Ne2 e5 16. f5 0-0 17. g4 Qd8 18. Be3 Bg5 19. Bf2 Qe7 20. Ng3 g6 21. c3 bxc3 22. bxc3 Nb5 23. Ne2 Bd7 24. Qe1 h6 25. Bg3 Ra8 26. Qf2 Bd2 27. Rad1 Qg5 28. h4 Qe3 29. c4 Nc3 30. Nxc3 Qxf2+ 31. Bxf2 Bxc3 32. Be3 Kg7 33. Rf2 Rfb8 34. fxg6 Kxg6 35. Rdf1 Be6 36. Rf6+ Kh7 37. Rxh6+ Kg7 38. g5 Rb2 39. Rhf6 Re2 40. Bf2 Raa2 41. h5 Bd4 42. h6+ Kh8 43. Rf3 Kh7 44. Bh1 Rxf2 45. R1xf2 Rxf2 46. Rxf2 f6 47. gxf6 Kxh6 48. Kg2 Bxf2 49. Kxf2 Kg6 50. Ke3 Bd7 51. Bf3 Ba4 52. Kd2 Kxf6 53. Bh5 1/2-1/2

[Event "Bratto op 26th"]
[Site "Bratto"]
[Date "2006.08.22"]
[Round "4"]
[White "Lava, Giovanni"]
[Black "Tramalloni, Luca"]
[Result "0-1"]
[WhiteElo "2232"]
[BlackElo "2114"]
[PlyCount "70"]
[EventDate "2006.08.19"]
[EventType "swiss"]
[EventRounds "9"]
[EventCountry "ITA"]
[SourceTitle "CBM 113 Extra"]
[Source "ChessBase"]
[SourceDate "2006.09.14"]
[SourceVersion "1"]
[SourceVersionDate "2006.09.14"]
[SourceQuality "1"]

1. d4 Nf6 2. Nf3 e6 3. g3 b5 4. Bg2 Bb7 5. 0-0 d6 6. c3 Be7 7. Qb3 Bc6 8. Nbd2 Nbd7 9. Re1 0-0 10. e4 Nb6 11. Qc2 h6 12. b3 Nfd7 13. Bb2 Bb7 14. a4 bxa4 15. bxa4 a5 16. Bf1 c5 17. Bb5 Qc7 18. Qd3 Rfc8 19. Ba3 Bc6 20. d5 Bxb5 21. axb5 c4 22. Qe2 exd5 23. Nd4 Bf6 24. Nf5 Nc5 25. exd5 Nxd5 26. Qxc4 Nxc3 27. Rac1 Qd7 28. Qg4 Kh7 29. Re7 Qxb5 30. Rxf7 Rg8 31. Re1 Nd3 32. Ree7 Ne5 33. Qh5 Ne2+ 34. Kg2 Qd5+ 35. f3 Qxd2 0-1

[Event "Rome Steinitz op 1st"]
[Site "Rome"]
[Date "2002.07.05"]
[Round "1"]
[White "Bonafede, Emanuel"]
[Black "Lava, Giovanni"]
[Result "0-1"]
[WhiteElo "1582"]
[BlackElo "2259"]
[PlyCount "75"]
[EventDate "2002.07.05"]
[EventType "swiss"]
[EventRounds "5"]
[EventCountry "ITA"]
[SourceTitle "EXT 2007"]
[Source "ChessBase"]
[SourceDate "2006.11.23"]
[SourceVersion "1"]
[SourceVersionDate "2006.11.23"]
[SourceQuality "1"]

1. e4 c5 2. Nf3 e6 3. d4 cxd4 4. Nxd4 Nc6 5. Be3 Nf6 6. Nxc6 bxc6 7. Bd3 Qc7 8. f4 Rb8 9. Nd2 Rxb2 10. Nb3 Bb4+ 11. Bd2 Qb6 12. Qe2 a5 13. a4 d5 14. e5 Nd7 15. Kd1 0-0 16. Bc1 Rxb3 17. cxb3 Qd4 18. Bb2 Qxf4 19. g3 Qg5 20. Rg1 c5 21. h4 Qe7 22. Bc1 c4 23. bxc4 dxc4 24. Bxc4 Qc5 25. Be3 Qxe5 26. Ra2 Nc5 27. Bxc5 Qxc5 28. Rg2 Bb7 29. Rf2 Rc8 30. Rc2 Qd4+ 31. Qd3 Rxc4 32. Qxd4 Rxd4+ 33. Ke2 h5 34. Rc7 Ba6+ 35. Ke3 Rd3+ 36. Ke4 f5+ 37. Rxf5 exf5+ 38. Kxf5 0-1

[Event "Porto San Giorgio op 12th"]
[Site "Porto San Giorgio"]
[Date "2000.08.24"]
[Round "5"]
[White "Lava, Giovanni"]
[Black "Foisor, Cristina Adela B"]
[Result "1/2-1/2"]
[WhiteElo "2211"]
[BlackElo "2386"]
[PlyCount "160"]
[EventDate "2000.08.20"]
[EventType "swiss"]
[EventRounds "9"]
[EventCountry "ITA"]
[SourceTitle "EXT 2001"]
[Source "ChessBase"]
[SourceDate "2000.11.22"]
[SourceVersion "1"]
[SourceVersionDate "2000.11.22"]
[SourceQuality "1"]

1. d4 g6 2. g3 Bg7 3. Bg2 d6 4. e4 c6 5. Ne2 Nf6 6. h3 0-0 7. a4 a5 8. Nbc3 Na6 9. 0-0 e5 10. Be3 Be6 11. Qd2 Nb4 12. Rad1 Bc4 13. Rfe1 Qc7 14. f4 Rfe8 15. g4 Bxe2 16. Rxe2 Rad8 17. Qe1 exd4 18. Bxd4 d5 19. e5 Nd7 20. g5 b6 21. h4 Nc5 22. Bf2 Ne6 23. Bg3 Bf8 24. Red2 Ng7 25. Bh3 Bc5+ 26. Kh2 Qe7 27. Qe2 Ra8 28. Qf3 Na6 29. Ne2 Nc7 30. Bf2 Nce6 31. Ng3 Bxf2 32. Rxf2 Qb4 33. b3 Ra7 34. Bg4 Nc5 35. h5 Nge6 36. Ne2 Rc7 37. Qc3 Qxc3 38. Nxc3 d4 39. Bxe6 dxc3 40. Bc4 Rb8 41. hxg6 hxg6 42. Rh1 b5 43. Kg1 bxc4 44. Rfh2 Kf8 45. Rh8+ Ke7 46. Rxb8 cxb3 47. Rh3 Rd7 48. Rxc3 Rd1+ 49. Kg2 Rd2+ 50. Kh3 Ne6 51. Rb7+ Kf8 52. Rbxb3 Nxf4+ 53. Kg4 Rd4 54. Rxc6 Ne6+ 55. Kg3 Nxg5 56. c4 Ne4+ 57. Kg2 g5 58. Rb5 Nd2 59. Rxa5 Nxc4 60. Rac5 Rg4+ 61. Kf3 Rf4+ 62. Kg3 Nd2 63. Rc8+ Kg7 64. R5c7 Nf1+ 65. Kg2 Ne3+ 66. Kg1 Rf1+ 67. Kh2 Nd5 68. Rb7 Nf4 69. a5 Ra1 70. Rcc7 Rxa5 71. Rxf7+ Kg6 72. Rg7+ Kf5 73. Rbf7+ Kg4 74. Rxf4+ Kxf4 75. e6 Ra2+ 76. Kg1 Re2 77. e7 Kf5 78. Kf1 Re5 79. Kg2 Kf6 80. Rh7 Kg6 1/2-1/2

[Event "Porto San Giorgio op 12th"]
[Site "Porto San Giorgio"]
[Date "2000.08.22"]
[Round "3"]
[White "Lava, Giovanni"]
[Black "Tomescu, Vlad"]
[Result "0-1"]
[WhiteElo "2211"]
[BlackElo "2432"]
[PlyCount "114"]
[EventDate "2000.08.20"]
[EventType "swiss"]
[EventRounds "9"]
[EventCountry "ITA"]
[SourceTitle "EXT 2001"]
[Source "ChessBase"]
[SourceDate "2000.11.22"]
[SourceVersion "1"]
[SourceVersionDate "2000.11.22"]
[SourceQuality "1"]

1. d4 b5 2. Nf3 Bb7 3. g3 e6 4. Bg2 Nf6 5. 0-0 Be7 6. Bg5 d6 7. Qd3 a6 8. Nbd2 Nbd7 9. e4 h6 10. Bxf6 Nxf6 11. Rfe1 c5 12. c3 0-0 13. Qc2 Rc8 14. Qb3 cxd4 15. Nxd4 Nd7 16. Qd1 Nc5 17. N2b3 Qb6 18. Qg4 a5 19. Nxc5 dxc5 20. Ne2 e5 21. Rad1 c4 22. Nc1 Bc5 23. Qe2 Rcd8 24. Bh3 Qf6 25. Bg2 h5 26. h4 g6 27. Bf3 Kg7 28. Kg2 Qe6 29. Rxd8 Rxd8 30. Rd1 Rxd1 31. Qxd1 Bc8 32. Ne2 b4 33. Qd5 Qxd5 34. exd5 f5 35. Ng1 b3 36. axb3 cxb3 37. Bd1 a4 38. Nf3 Kf6 39. Nd2 e4 40. Be2 Bd7 41. Nc4 Be8 42. Kf1 Bf7 43. d6 Ke6 44. Ke1 Bxd6 45. Kd2 Bc5 46. Ne3 Be8 47. Ba6 Ke5 48. Bb7 Bd7 49. Nc4+ Kf6 50. Ne3 g5 51. hxg5+ Kxg5 52. Bd5 f4 53. Ng2 e3+ 54. Ke2 fxg3 55. fxg3 a3 56. bxa3 b2 57. Ba2 Bg4+ 0-1

[Event "Cesenatico op 3rd"]
[Site "Cesenatico"]
[Date "1998.??.??"]
[Round "8"]
[White "Lava, Giovanni"]
[Black "Delanoy, Arnaud"]
[Result "1/2-1/2"]
[WhiteElo "2220"]
[BlackElo "2125"]
[PlyCount "58"]
[EventDate "1998.??.??"]
[EventType "swiss"]
[EventRounds "9"]
[EventCountry "ITA"]
[SourceTitle "EXT 2000"]
[Source "ChessBase"]
[SourceDate "1999.11.16"]
[SourceVersion "1"]
[SourceVersionDate "1999.11.16"]
[SourceQuality "1"]

1. d4 d5 2. Nf3 Nf6 3. g3 c5 4. Bg2 e6 5. 0-0 Nc6 6. c4 dxc4 7. Qa4 Bd7 8. Qxc4 cxd4 9. Nxd4 Rc8 10. Nc3 Nxd4 11. Qxd4 Bc5 12. Qh4 Bc6 13. Bg5 Qd4 14. e4 0-0 15. Kh1 Nd7 16. Rac1 f5 17. exf5 Bxg2+ 18. Kxg2 Qxh4 19. Bxh4 exf5 20. Rfd1 Nb6 21. Nd5 Nxd5 22. Rxd5 Bb6 23. Rxc8 Rxc8 24. Rxf5 Rc2 25. Be7 g6 26. Rf8+ Kg7 27. Rf4 Be3 28. Bf6+ Kf7 29. Rf3 Rxf2+ 1/2-1/2

[Event "Cesenatico op 3rd"]
[Site "Cesenatico"]
[Date "1998.??.??"]
[Round "1"]
[White "Lava, Giovanni"]
[Black "Giovanardi, Rino"]
[Result "1-0"]
[WhiteElo "2220"]
[BlackElo "2015"]
[PlyCount "61"]
[EventDate "1998.??.??"]
[EventType "swiss"]
[EventRounds "9"]
[EventCountry "ITA"]
[SourceTitle "EXT 2000"]
[Source "ChessBase"]
[SourceDate "1999.11.16"]
[SourceVersion "1"]
[SourceVersionDate "1999.11.16"]
[SourceQuality "1"]

1. d4 Nf6 2. Nf3 g6 3. g3 Bg7 4. Bg2 d5 5. 0-0 0-0 6. c4 c6 7. cxd5 cxd5 8. Ne5 Nbd7 9. Nc3 e6 10. f4 Rb8 11. Be3 Nxe5 12. dxe5 Ng4 13. Bxa7 Ra8 14. Bd4 h5 15. Qb3 Ra6 16. Rfd1 f6 17. exf6 Bxf6 18. Nb5 Bd7 19. Qd3 Kg7 20. Nc3 Bc6 21. a3 Ba4 22. Nxa4 Rxa4 23. b4 e5 24. fxe5 Nxe5 25. Qb5 Ra8 26. Qxb7+ Kh6 27. Qxd5 Qxd5 28. Bxd5 Rad8 29. Bc5 Rfe8 30. Rab1 Nd7 31. Bc6 1-0

[Event "Cesenatico op 3rd"]
[Site "Cesenatico"]
[Date "1998.??.??"]
[Round "3"]
[White "Lava, Giovanni"]
[Black "Rotstein, Arkadij"]
[Result "0-1"]
[WhiteElo "2220"]
[BlackElo "2485"]
[PlyCount "134"]
[EventDate "1998.??.??"]
[EventType "swiss"]
[EventRounds "9"]
[EventCountry "ITA"]
[SourceTitle "EXT 2000"]
[Source "ChessBase"]
[SourceDate "1999.11.16"]
[SourceVersion "1"]
[SourceVersionDate "1999.11.16"]
[SourceQuality "1"]

1. d4 f5 2. Qd3 e6 3. e4 fxe4 4. Qxe4 Nf6 5. Qh4 Be7 6. Bd3 0-0 7. Nf3 Nc6 8. Nc3 Nb4 9. 0-0 Nxd3 10. cxd3 b6 11. Qg3 Bb7 12. Ne5 Qe8 13. Re1 c5 14. dxc5 Bxc5 15. Be3 Bxe3 16. fxe3 Rc8 17. Nc4 Rc5 18. Nd6 Qb8 19. Nxb7 Qxb7 20. Rf1 h6 21. Rf2 Rg5 22. Qd6 Rf7 23. e4 Ne8 24. Qd4 Rxf2 25. Qxf2 Nf6 26. h3 Qc7 27. Rf1 Kh7 28. Qe3 b5 29. a3 a5 30. Rf2 b4 31. axb4 axb4 32. Ne2 Ra5 33. Ng3 Ra1+ 34. Rf1 Rxf1+ 35. Nxf1 Qc2 36. Qd2 b3 37. Kf2 d5 38. exd5 Nxd5 39. g3 Nb4 40. Ke3 Qc5+ 41. d4 Nc2+ 42. Kf2 Nxd4 43. Qd3+ Kg8 44. Nd2 Kf7 45. Qc3 Qf5+ 46. Kg2 Qd5+ 47. Kf2 h5 48. Qc4 Qf5+ 49. Kg2 Qe5 50. h4 Nf5 51. Qd3 Qxb2 52. Kf3 Qd4 53. Qxd4 Nxd4+ 54. Ke4 Ne2 55. Nxb3 Nxg3+ 56. Kf4 Nf5 57. Kg5 g6 58. Nc5 Nd4 59. Kf4 Kf6 60. Nd7+ Kg7 61. Ne5 Nf5 62. Kg5 Ne7 63. Nd7 Nc6 64. Kf4 Kh6 65. Nc5 Nd4 66. Kg3 Nf5+ 67. Kh3 e5 0-1

[Event "ITA-chT"]
[Site "Italy"]
[Date "1995.??.??"]
[Round "?"]
[White "Kosic, Dragan"]
[Black "Lava, Giovanni"]
[Result "1-0"]
[WhiteElo "2500"]
[BlackElo "2255"]
[PlyCount "87"]
[EventDate "1995.??.??"]
[EventType "team"]
[EventRounds "7"]
[EventCountry "ITA"]
[SourceTitle "EXT 2000"]
[Source "ChessBase"]
[SourceDate "1999.11.16"]
[SourceVersion "1"]
[SourceVersionDate "1999.11.16"]
[SourceQuality "1"]

1. Nf3 Nf6 2. g3 g6 3. b3 Bg7 4. Bb2 0-0 5. Bg2 d5 6. c4 c6 7. 0-0 Bg4 8. h3 Bxf3 9. Bxf3 a5 10. d3 Nbd7 11. cxd5 Nxd5 12. Bxg7 Kxg7 13. e4 Nc7 14. d4 Nf6 15. Nc3 Qd7 16. h4 Rfd8 17. e5 Nfe8 18. Ne2 Nb5 19. d5 Qf5 20. Nf4 Qxe5 21. Re1 Qf6 22. Bg2 e5 23. Nd3 Nc3 24. Qc1 e4 25. Bxe4 Nxe4 26. Rxe4 Rxd5 27. Nf4 Rd4 28. Re1 Nd6 29. Qc5 Nf5 30. h5 a4 31. Rab1 axb3 32. Rxb3 b5 33. Rf3 Qd6 34. Qc3 Kg8 35. hxg6 hxg6 36. Nh5 b4 37. Qc1 Rd8 38. Qg5 Rd1 39. Rxd1 Qxd1+ 40. Kg2 Ng7 41. Nf6+ Kf8 42. Qh6 Rd3 43. Rf4 g5 44. Rf5 1-0

[Event "ITA-chT"]
[Site "Italy"]
[Date "1995.??.??"]
[Round "?"]
[White "Lava, Giovanni"]
[Black "Blasco, Domenico"]
[Result "1-0"]
[WhiteElo "2255"]
[BlackElo "2100"]
[PlyCount "75"]
[EventDate "1995.??.??"]
[EventType "team"]
[EventRounds "7"]
[EventCountry "ITA"]
[SourceTitle "EXT 2000"]
[Source "ChessBase"]
[SourceDate "1999.11.16"]
[SourceVersion "1"]
[SourceVersionDate "1999.11.16"]
[SourceQuality "1"]

1. d4 Nf6 2. Nf3 c5 3. d5 b5 4. Bg5 Qb6 5. Bxf6 Qxf6 6. c3 g6 7. e4 Qb6 8. a4 b4 9. a5 Qb7 10. Qc2 Bg7 11. Nbd2 d6 12. a6 Qb6 13. Nc4 Qd8 14. cxb4 cxb4 15. Qa4+ Nd7 16. Ra2 0-0 17. Na5 Qb6 18. Nb3 Nf6 19. Bd3 Bd7 20. Qa5 Rab8 21. Qxb6 Rxb6 22. 0-0 Bb5 23. Bxb5 Rxb5 24. Nfd4 Rb6 25. f3 Rc8 26. Nc6 Kf8 27. Nd2 Rbxc6 28. dxc6 Rxc6 29. Nb3 Ke8 30. Rc1 Kd7 31. Ra4 Ne8 32. Rxb4 Bxb2 33. Rb7+ Nc7 34. Rxc6 Kxc6 35. Na5+ Kd7 36. Rxb2 Nxa6 37. Rb7+ Ke6 38. Rxa7 1-0